[Event "RUS-ch Higher League (Women) 63rd"]
[Site "Ekaterinburg"]
[Date "2013.06.27"]
[Round "7"]
[White "Zasypkina, Evgenia"]
[Black "Korchagina, Victoria"]
[Result "0-1"]
[WhiteElo "1994"]
[BlackElo "2068"]
[PlyCount "112"]
[EventDate "2013.06.20"]
[EventType "swiss"]
[EventRounds "9"]
[EventCountry "RUS"]
[SourceTitle "CBM 155 Extra"]
[Source "ChessBase"]
[SourceDate "2013.08.26"]
[SourceVersion "1"]
[SourceVersionDate "2013.08.26"]
[SourceQuality "1"]

1. e4 c5 2. c3 Nf6 3. e5 Nd5 4. d4 cxd4 5. Nf3 Nc6 6. Bc4 e6 7. cxd4 d6 8. 0-0 Be7 9. Nc3 Nxc3 10. bxc3 0-0 11. Qe2 Qa5 12. Bd2 dxe5 13. dxe5 Rd8 14. Rab1 Qc7 15. Rfe1 b6 16. Qe4 Bb7 17. Bd3 g6 18. Qe2 Rd7 19. Bg5 Bxg5 20. Nxg5 Qxe5 21. Qg4 Qg7 22. Bb5 h5 23. Qg3 Rad8 24. Bc4 e5 25. Bxf7+ Rxf7 26. Ne6 Qf6 27. Nxd8 Nxd8 28. Rxe5 Ne6 29. Qe3 Nf4 30. f3 Kg7 31. c4 h4 32. h3 Bc8 33. Rd1 Be6 34. Rd6 Nxg2 35. Rdxe6 Nxe3 36. Rxf6 Kxf6 37. Rxe3 Rd7 38. Re2 Rd1+ 39. Kf2 Rh1 40. Kg2 Rc1 41. Kf2 Rxc4 42. Ke3 Kf5 43. Rd2 Ra4 44. Rd5+ Ke6 45. Rd2 Ke5 46. Rb2 Ra3+ 47. Kf2 Kd4 48. Rd2+ Rd3 49. Rc2 b5 50. Rb2 Kc4 51. Rc2+ Rc3 52. Re2 Kb4 53. Rb2+ Ka4 54. Re2 b4 55. Rd2 a5 56. Ke2 Ka3 0-1

[Event "RUS-ch Higher League (Women) 63rd"]
[Site "Ekaterinburg"]
[Date "2013.06.24"]
[Round "5"]
[White "Mirzoeva, Elmira"]
[Black "Zasypkina, Evgenia"]
[Result "1-0"]
[WhiteElo "2244"]
[BlackElo "1994"]
[PlyCount "85"]
[EventDate "2013.06.20"]
[EventType "swiss"]
[EventRounds "9"]
[EventCountry "RUS"]
[SourceTitle "CBM 155 Extra"]
[Source "ChessBase"]
[SourceDate "2013.08.26"]
[SourceVersion "1"]
[SourceVersionDate "2013.08.26"]
[SourceQuality "1"]

1. d4 d5 2. c4 e6 3. Nc3 c6 4. Nf3 dxc4 5. e3 b5 6. a4 Bb4 7. Bd2 a5 8. axb5 Bxc3 9. Bxc3 cxb5 10. b3 Bb7 11. bxc4 b4 12. Bb2 Nf6 13. Bd3 Nbd7 14. 0-0 0-0 15. Nd2 Qc7 16. f3 Rfd8 17. Kh1 Bc6 18. Bc2 Ne8 19. e4 e5 20. d5 Bb7 21. f4 exf4 22. Qg4 Ra6 23. Qxf4 Qxf4 24. Rxf4 f6 25. Bd4 Rda8 26. Ba4 Rd8 27. c5 Bc8 28. Nc4 Nf8 29. Bb5 Ra8 30. Rff1 Nc7 31. Bc6 Ra6 32. Nxa5 f5 33. Be5 Ne8 34. Bb5 fxe4 35. Bxa6 Bxa6 36. Nc6 Bxf1 37. Nxd8 Bc4 38. d6 Nd7 39. Bd4 Ndf6 40. Bxf6 gxf6 41. d7 Nc7 42. Nc6 Ne6 43. Nxb4 1-0

[Event "Urals-ch (Women)"]
[Site "Russia"]
[Date "2012.02.27"]
[Round "3"]
[White "Zasypkina, Evgenia"]
[Black "Botalova, Yulia"]
[Result "1-0"]
[WhiteElo "1889"]
[BlackElo "1963"]
[PlyCount "87"]
[EventDate "2012.02.25"]
[EventType "swiss"]
[EventRounds "9"]
[EventCountry "RUS"]
[SourceTitle "EXT 2014"]
[Source "ChessBase"]
[SourceDate "2013.11.20"]
[SourceVersion "1"]
[SourceVersionDate "2013.11.20"]
[SourceQuality "1"]

1. e4 e6 2. d4 d5 3. Nd2 Nf6 4. e5 Nfd7 5. Bd3 c5 6. c3 Nc6 7. Ne2 cxd4 8. cxd4 f6 9. exf6 Nxf6 10. Nf3 Bd6 11. Bg5 Qa5+ 12. Bd2 Qc7 13. Ng3 0-0 14. 0-0 g6 15. Rc1 Qg7 16. a3 Ng4 17. h3 Bxg3 18. hxg4 Bd6 19. g3 Bd7 20. Be2 Qf6 21. Kg2 Rae8 22. Qc2 Re7 23. Rce1 Kf7 24. b4 a6 25. Bd1 Na7 26. Qd3 Nb5 27. Be2 Ke8 28. a4 Nc7 29. Qb3 Ref7 30. Bh6 Rh8 31. Bg5 Qg7 32. Bd2 h6 33. b5 axb5 34. axb5 b6 35. Bb4 Bxb4 36. Qxb4 Rf6 37. Ne5 Qe7 38. Qb3 Qd6 39. Rc1 Ke7 40. Bd3 Be8 41. Rc2 Bf7 42. Rc6 Qd8 43. Qb4+ Ke8 44. Qc3 1-0

[Event "Urals-ch (Women)"]
[Site "Russia"]
[Date "2012.02.25"]
[Round "1"]
[White "Zasypkina, Evgenia"]
[Black "Onischuk, Nastja"]
[Result "1/2-1/2"]
[WhiteElo "1889"]
[BlackElo "2208"]
[PlyCount "140"]
[EventDate "2012.02.25"]
[EventType "swiss"]
[EventRounds "9"]
[EventCountry "RUS"]
[SourceTitle "EXT 2014"]
[Source "ChessBase"]
[SourceDate "2013.11.20"]
[SourceVersion "1"]
[SourceVersionDate "2013.11.20"]
[SourceQuality "1"]

1. e4 c5 2. c3 Qa5 3. Nf3 d6 4. Bc4 e6 5. 0-0 Nf6 6. Re1 b5 7. Bb3 c4 8. Bc2 Be7 9. d4 cxd3 10. Bxd3 a6 11. e5 dxe5 12. Nxe5 Bb7 13. Qe2 0-0 14. Bg5 Qc7 15. Nd2 Nbd7 16. Ndf3 h6 17. Bh4 Bd6 18. Bg3 Nh5 19. Nxd7 Qxd7 20. Rad1 Nxg3 21. hxg3 Qc7 22. Be4 Bxe4 23. Qxe4 Rad8 24. Nd4 Bc5 25. Rd3 Bxd4 26. Rxd4 Rxd4 27. Qxd4 Rd8 28. Qe3 Qd6 29. Kf1 Qd5 30. b3 Qf5 31. Qe4 Qc5 32. Qe5 Rd5 33. Qe3 Qd6 34. c4 bxc4 35. bxc4 Ra5 36. Qb3 Qd2 37. a3 Rh5 38. Qb8+ Kh7 39. Qb1+ g6 40. Kg1 Rf5 41. Rf1 Qd4 42. Qb3 Rc5 43. Rc1 Kg7 44. Kf1 Kf6 45. Qf3+ Rf5 46. Qc3 Rxf2+ 47. Kg1 Qxc3 48. Rxc3 Rd2 49. c5 Ke7 50. c6 Kd8 51. c7+ Kc8 52. Rc6 a5 53. Ra6 Rd5 54. Ra7 Rc5 55. Kf2 Rc2+ 56. Kf1 Rxc7 57. Rxa5 Kb7 58. Ra4 Kb6 59. Rb4+ Ka5 60. Rb8 Ra7 61. Rb3 Ka4 62. Rf3 Rb7 63. g4 f5 64. Rh3 Rb1+ 65. Kf2 Rb2+ 66. Kf1 h5 67. gxh5 gxh5 68. Re3 Rb1+ 69. Kf2 Rb2+ 70. Kf1 Rb1+ 1/2-1/2

[Event "Samara Polugaevsky Memorial 1st"]
[Site "Samara"]
[Date "2011.07.12"]
[Round "8"]
[White "Zasypkina, Evgenia"]
[Black "Zubkov, Alexander"]
[Result "1/2-1/2"]
[WhiteElo "1874"]
[BlackElo "2118"]
[PlyCount "115"]
[EventDate "2011.07.05"]
[EventType "swiss"]
[EventRounds "9"]
[EventCountry "RUS"]
[SourceTitle "CBM 143 Extra"]
[Source "ChessBase"]
[SourceDate "2011.08.29"]
[SourceVersion "1"]
[SourceVersionDate "2011.08.29"]
[SourceQuality "1"]

1. e4 c5 2. c3 Nf6 3. e5 Nd5 4. d4 cxd4 5. Nf3 Nc6 6. Bc4 Nb6 7. Bb3 d5 8. exd6 Qxd6 9. 0-0 Be6 10. Bxe6 Qxe6 11. Nxd4 Nxd4 12. Qxd4 Rd8 13. Qf4 Qc4 14. Na3 Qxf4 15. Bxf4 Nd5 16. Bg3 e6 17. Nc2 Bd6 18. Bxd6 Rxd6 19. c4 Nf6 20. Rad1 Ke7 21. Rxd6 Kxd6 22. b4 Kc7 23. Rd1 Nd7 24. Nd4 a6 25. a4 Ne5 26. Nb3 Nxc4 27. Rc1 b5 28. axb5 axb5 29. Na5 Kb8 30. Nxc4 Rc8 31. Kf1 bxc4 32. Ke2 Kb7 33. Kd2 Kb6 34. Ra1 c3+ 35. Kc2 Rc7 36. Ra3 Kb5 37. Rxc3 Rc4 38. Kd3 Rxb4 39. Rc7 Rf4 40. Ke3 Rf5 41. f4 Kb6 42. Rc8 g5 43. fxg5 Rxg5 44. g3 h5 45. Rf8 Rf5 46. Rc8 Kb7 47. Rc4 Kb6 48. Rc8 Re5+ 49. Kd4 Rd5+ 50. Ke3 Re5+ 51. Kd4 Kb7 52. Rc2 Rf5 53. Ke3 f6 54. Rc4 Kb6 55. Re4 e5 56. Rc4 Kb5 57. Rc2 Rf1 58. Rc8 1/2-1/2

[Event "Samara Polugaevsky Memorial 1st"]
[Site "Samara"]
[Date "2011.07.11"]
[Round "7"]
[White "Baraeva, Irina"]
[Black "Zasypkina, Evgenia"]
[Result "1-0"]
[WhiteElo "2204"]
[BlackElo "1874"]
[PlyCount "181"]
[EventDate "2011.07.05"]
[EventType "swiss"]
[EventRounds "9"]
[EventCountry "RUS"]
[SourceTitle "CBM 143 Extra"]
[Source "ChessBase"]
[SourceDate "2011.08.29"]
[SourceVersion "1"]
[SourceVersionDate "2011.08.29"]
[SourceQuality "1"]

1. d4 d5 2. c4 e6 3. Nc3 c6 4. Nf3 dxc4 5. a4 Bb4 6. e3 b5 7. Bd2 a5 8. axb5 Bxc3 9. Bxc3 cxb5 10. b3 Bb7 11. bxc4 b4 12. Bb2 Nf6 13. Bd3 0-0 14. 0-0 Nbd7 15. Nd2 Bc6 16. Bc2 Qc7 17. Re1 Ra7 18. e4 e5 19. d5 Bb7 20. f4 Rfa8 21. fxe5 Nxe5 22. Bd4 Ra6 23. c5 Re8 24. Ba4 Nfd7 25. c6 Nxc6 26. dxc6 Bxc6 27. Bxc6 Qxc6 28. Qa4 Qd6 29. Nf3 Raa8 30. Rad1 Nc5 31. Qc2 Ne6 32. Kh1 Rec8 33. Qa2 Qa6 34. Qa4 Rc4 35. Bg1 Rb8 36. Ne5 Rc7 37. Rd5 Ra8 38. Red1 h6 39. Rd7 Rxd7 40. Qxd7 Rf8 41. Ra1 b3 42. Qa4 b2 43. Rb1 Qe2 44. Qc4 Nf4 45. Qxe2 Nxe2 46. Rxb2 Nxg1 47. Kxg1 Re8 48. Nc6 Rxe4 49. Nxa5 g6 50. Kf2 Kg7 51. Kf3 Ra4 52. Nc6 Rc4 53. Ne5 Rc7 54. Rd2 Re7 55. Kf4 Re6 56. h3 Rf6+ 57. Ke4 Re6 58. Kd5 Rf6 59. Rd3 Ra6 60. Rf3 f6 61. Nc6 Ra1 62. Rf2 Rd1+ 63. Ke6 Re1+ 64. Kd5 h5 65. Nd4 Ra1 66. Ne6+ Kf7 67. Ng5+ Kg7 68. Ne4 Ra5+ 69. Kd6 Ra6+ 70. Ke7 Ra7+ 71. Ke6 Ra6+ 72. Nd6 Rb6 73. Ke7 f5 74. Re2 Ra6 75. Rd2 Ra3 76. Ne8+ Kh6 77. Kf6 Ra6+ 78. Nd6 h4 79. Ke5 Ra5+ 80. Kf4 Ra4+ 81. Kf3 Ra3+ 82. Kf2 Kh5 83. Nf7 Ra7 84. Nd6 Ra4 85. Kf3 Ra3+ 86. Kf4 Ra4+ 87. Ke5 Ra5+ 88. Kf6 Ra6 89. Kg7 Ra7+ 90. Nf7 Ra8 91. Rd6 1-0

[Event "Samara Polugaevsky Memorial 1st"]
[Site "Samara"]
[Date "2011.07.06"]
[Round "2"]
[White "Zasypkina, Evgenia"]
[Black "Sorochan, Dmitry Vladimirovic"]
[Result "0-1"]
[WhiteElo "1874"]
[BlackElo "2110"]
[PlyCount "62"]
[EventDate "2011.07.05"]
[EventType "swiss"]
[EventRounds "9"]
[EventCountry "RUS"]
[SourceTitle "CBM 143 Extra"]
[Source "ChessBase"]
[SourceDate "2011.08.29"]
[SourceVersion "1"]
[SourceVersionDate "2011.08.29"]
[SourceQuality "1"]

1. e4 e5 2. Nf3 d6 3. d4 exd4 4. Nxd4 Nf6 5. Nc3 Be7 6. f3 0-0 7. Be3 c6 8. Qd2 d5 9. e5 Nfd7 10. e6 Ne5 11. exf7+ Rxf7 12. Bf4 Bd6 13. Bg5 Qa5 14. Nb3 Qc7 15. 0-0-0 a5 16. Kb1 a4 17. Nc1 Nbd7 18. Be2 Nb6 19. Rhe1 Nec4 20. Bxc4 Nxc4 21. Re8+ Rf8 22. Rxf8+ Bxf8 23. Qf2 Qa5 24. Nd3 Bf5 25. Bc1 a3 26. Qd4 axb2 27. Bxb2 Bxd3 28. cxd3 Nxb2 29. Kxb2 Be7 30. Qf2 Qa3+ 31. Kc2 Qxa2+ 0-1

[Event "RUS-ch U14 Girls"]
[Site "Dagomys"]
[Date "2009.04.23"]
[Round "9"]
[White "Erdenee, Ariuna"]
[Black "Zasypkina, Evgenia"]
[Result "1/2-1/2"]
[WhiteElo "1827"]
[BlackElo "1778"]
[PlyCount "101"]
[EventDate "2009.04.15"]
[EventType "swiss"]
[EventRounds "9"]
[EventCountry "RUS"]
[SourceTitle "CBM 130 Extra"]
[Source "ChessBase"]
[SourceDate "2009.07.02"]
[SourceVersion "2"]
[SourceVersionDate "2009.07.15"]
[SourceQuality "1"]

1. e4 c5 2. Nf3 e6 3. d4 cxd4 4. Nxd4 Nf6 5. Nc3 Nc6 6. Ndb5 Bb4 7. a3 Bxc3+ 8. Nxc3 d5 9. exd5 exd5 10. Bd3 0-0 11. 0-0 d4 12. Ne2 Bg4 13. f3 Bh5 14. Bg5 Qd6 15. Bh4 Rad8 16. Bg3 Qd7 17. Nf4 Bg6 18. Nxg6 hxg6 19. Re1 Rfe8 20. Qd2 Nd5 21. Bf2 a6 22. Be4 Nf6 23. Bd3 Nd5 24. Rad1 Rxe1+ 25. Rxe1 Qd6 26. Bf1 Nf6 27. Rd1 Qd5 28. Qf4 Qf5 29. Qxf5 gxf5 30. Bh4 Rd6 31. c3 Nd5 32. cxd4 Ne3 33. Rd3 Nxf1 34. Kxf1 Rxd4 35. Rxd4 Nxd4 36. Bf2 Ne6 37. Be3 Kf8 38. Ke2 Ke7 39. Kd3 Kd6 40. g3 Kd5 41. a4 Nd8 42. Bd4 Ne6 43. Be3 f6 44. f4 Nd8 45. b4 b5 46. axb5 axb5 47. Bc5 Nc6 48. Bf8 g6 49. Bc5 Nd8 50. Be7 Nc6 51. Bc5 1/2-1/2

[Event "RUS-ch U14 Girls"]
[Site "Dagomys"]
[Date "2009.04.19"]
[Round "5"]
[White "Zasypkina, Evgenia"]
[Black "Khafizova, Yana"]
[Result "1/2-1/2"]
[WhiteElo "1778"]
[BlackElo "1934"]
[PlyCount "46"]
[EventDate "2009.04.15"]
[EventType "swiss"]
[EventRounds "9"]
[EventCountry "RUS"]
[SourceTitle "CBM 130 Extra"]
[Source "ChessBase"]
[SourceDate "2009.07.02"]
[SourceVersion "2"]
[SourceVersionDate "2009.07.15"]
[SourceQuality "1"]

1. e4 e5 2. Nf3 Nc6 3. d4 exd4 4. Nxd4 Bc5 5. Nxc6 Qf6 6. Qf3 bxc6 7. Nc3 d6 8. Qg3 h6 9. Be3 Bxe3 10. Qxe3 Ne7 11. Bc4 0-0 12. 0-0 Re8 13. Qg3 Rb8 14. Bb3 Be6 15. Rfe1 Ng6 16. Re3 Rb4 17. Rf3 Qd8 18. Re3 Qf6 19. Rf3 Qd8 20. Re3 Qf6 21. Rf3 Qd8 22. Re3 Qf6 23. Rf3 Qd8 1/2-1/2